<?xml version="1.0" encoding="UTF-8"?>
<collection xmlns="http://www.loc.gov/MARC21/slim">
 <record>
  <leader>00691nam a2200157 a 4500</leader>
  <controlfield tag="001">1/19447</controlfield>
  <controlfield tag="008">020620s1954    gr            001 1 gre d</controlfield>
  <datafield tag="035" ind1=" " ind2=" ">
   <subfield code="l">20014</subfield>
  </datafield>
  <datafield tag="040" ind1=" " ind2=" ">
   <subfield code="a">GR-PeUP</subfield>
  </datafield>
  <datafield tag="082" ind1="0" ind2="0">
   <subfield code="a">Μ 800 ΜΕ</subfield>
  </datafield>
  <datafield tag="100" ind1="1" ind2=" ">
   <subfield code="a">Μελάς, Λέων Γ.,</subfield>
   <subfield code="d">1812-1879.</subfield>
  </datafield>
  <datafield tag="245" ind1="1" ind2="2">
   <subfield code="a">Ο Γεροστάθης :</subfield>
   <subfield code="b">η αναμνήσεις της παιδικής μου ηλικίας /</subfield>
   <subfield code="c">Λέοντος Γ. Μελά</subfield>
  </datafield>
  <datafield tag="260" ind1=" " ind2=" ">
   <subfield code="a">Αθήναι :</subfield>
   <subfield code="b">Σύλλογος προς διαδοσιν των Ελληνικών γραμμάτων,</subfield>
   <subfield code="c">1954</subfield>
  </datafield>
  <datafield tag="300" ind1=" " ind2=" ">
   <subfield code="a">482 σ. ;</subfield>
   <subfield code="c">22 εκ.</subfield>
  </datafield>
  <datafield tag="650" ind1=" " ind2="4">
   <subfield code="a">Μυθιστόρημα.</subfield>
  </datafield>
  <datafield tag="852" ind1=" " ind2=" ">
   <subfield code="a">INST</subfield>
   <subfield code="b">UNIPILB</subfield>
   <subfield code="c">MAIN</subfield>
   <subfield code="e">20040709</subfield>
   <subfield code="h">Μ 800 ΜΕ</subfield>
   <subfield code="p">00139638</subfield>
   <subfield code="q">00139638</subfield>
   <subfield code="t">LOAN</subfield>
   <subfield code="y">0</subfield>
   <subfield code="4">1</subfield>
  </datafield>
 </record>
</collection>
